বঞ্চিতের ব্যথা / (Record no. 36781)
[ view plain ]
| 000 -LEADER | |
|---|---|
| fixed length control field | 00806nam a2200229 4500 |
| 001 - CONTROL NUMBER | |
| control field | 36781 |
| 003 - CONTROL NUMBER IDENTIFIER | |
| rucl marc code | BD-RjUL |
| 005 - DATE AND TIME OF LATEST TRANSACTION | |
| control field | 20211209052535.0 |
| 008 - FIXED-LENGTH DATA ELEMENTS--GENERAL INFORMATION | |
| fixed length control field | 140903s19661958bg ||||| ||| 00| 0 ben d |
| 020 ## - INTERNATIONAL STANDARD BOOK NUMBER | |
| Terms of availability | PRs. 4.00 |
| 035 ## - SYSTEM CONTROL NUMBER | |
| System control number | (BD-RjUL)36883 |
| 040 ## - CATALOGING SOURCE | |
| Original cataloging agency | BD-RjUL |
| Language of cataloging | ben |
| Transcribing agency | BD-RjUL |
| 041 ## - LANGUAGE CODE | |
| Language code of text/sound track or separate title | ben |
| 082 ## - DEWEY DECIMAL CLASSIFICATION NUMBER | |
| Classification number | 891.443 |
| Author mark and year | HAB 1966 |
| 100 ## - MAIN ENTRY--PERSONAL NAME | |
| Personal name | হারুন-অর-রশীদ, এ. এম. |
| 9 (RLIN) | 112200 |
| 245 10 - TITLE STATEMENT | |
| Title | বঞ্চিতের ব্যথা / |
| Statement of responsibility, etc. | এ. এম. হারুন-অর-রশীদ |
| 260 ## - PUBLICATION, DISTRIBUTION, ETC. (IMPRINT) | |
| Place of publication, distribution, etc. | ঢাকা: |
| Name of publisher, distributor, etc. | দিদার , |
| Date of publication, distribution, etc. | 1958 [পুনমুর্দ্রণ ১৯৬৬] |
| 300 ## - PHYSICAL DESCRIPTION | |
| Pagination | [১০], ১৬৮পৃ.; |
| Size | ২২ সেমি. |
| 650 ## - SUBJECT ADDED ENTRY--TOPICAL TERM | |
| Topical term or geographic name as entry element | বাংলা উপন্যাস |
| 9 (RLIN) | 120228 |
| Topical term or geographic name as entry element | Bengali Fiction |
| 9 (RLIN) | 120229 |
| 942 ## - ADDED ENTRY ELEMENTS (KOHA) | |
| Source of classification or shelving scheme | Dewey Decimal Classification |
| Koha item type | Books |
| Lost status | Source of classification or shelving scheme | Damaged status | Not for loan | Collection code | Permanent Location | Current Location | Shelving location | Date acquired | Source of acquisition | Cost, normal purchase price | Total Checkouts | Full call number | Date last seen | Copy number | Koha item type |
|---|---|---|---|---|---|---|---|---|---|---|---|---|---|---|---|
| Dewey Decimal Classification | Not For Loan | Fiction | Central Library, University of Rajshahi | Central Library, University of Rajshahi | Reading Room | 17/07/1968 | Nawroj, Dhaka | 4.00 | B 891.443 HAB 1966 | 03/09/2014 | C-1 | Books |